000 00696nam a2200289Ia 4500
005 20260324120903.0
008 008 260324s9999 xx 000 0 eng d
020 _a9781315755496
037 _aEBOOK
040 _aCRL
040 _beng
040 _cCRL
041 _2eng
041 _aeng
084 _qCRL
100 _aMarvin Zuckerman
_91160356
245 0 _aSensation Seeking (Psychology Revivals)
245 0 _bBeyond the Optimal Level of Arousal
260 _bTaylor and Francis
260 _c2014
365 _a
365 _b300
856 _uhttp://www.taylorfrancis.com/books/9781315755496
942 _cEBOOK
999 _c1752128
_d1752128